Niektoré zákonné opatrenia na usporiadanie pozemkového vlastníctva sú neprimerane tvrdé
Zákon NR SR o niektorých opatreniach na usporiadanie vlastníctva k pozemkom upravuje zisťovanie údajov o pozemkoch a právnych vzťahoch k nim, spôsob zostavovania registra obnovenej evidencie pozemkov, nakladanie s pozemkami neznámych vlastníkov, sankcie zamerané proti drobeniu pozemkového vlastníctv...
Salvato in:
| Autore principale: | |
|---|---|
| Natura: | Capitolo di libro |
| Lingua: | slovacco |
| Soggetti: | |
| Tags: |
Nessun Tag, puoi essere il primo ad aggiungerne!!
|
MARC
| LEADER | 00000naa a2200000 4500 | ||
|---|---|---|---|
| 001 | r019438 | ||
| 005 | 20230921074419.5 | ||
| 041 | 0 | |a slo | |
| 044 | |a SK | ||
| 245 | 1 | 0 | |a Niektoré zákonné opatrenia na usporiadanie pozemkového vlastníctva sú neprimerane tvrdé |c C. Juráň |
| 520 | |a Zákon NR SR o niektorých opatreniach na usporiadanie vlastníctva k pozemkom upravuje zisťovanie údajov o pozemkoch a právnych vzťahoch k nim, spôsob zostavovania registra obnovenej evidencie pozemkov, nakladanie s pozemkami neznámych vlastníkov, sankcie zamerané proti drobeniu pozemkového vlastníctva. Podľa autora článku sú opatrenia proti drobeniu pozemkového vlastníctva neprimerané. | ||
| 610 | 2 | 0 | |a Slovensko |
| 610 | 2 | 0 | |a zákony |
| 610 | 2 | 0 | |a pozemky |
| 610 | 2 | 0 | |a vlastníctvo pozemkové |
| 610 | 2 | 0 | |a právo vlastnícke |
| 610 | 2 | 0 | |a opatrenia |
| 610 | 2 | 0 | |a sankcie |
| 610 | 2 | 0 | |a Slovenský pozemkový fond |
| 100 | 1 | |a Juráň, C. | |